| 000 | 00395nam a22001217a 4500 | ||
|---|---|---|---|
| 999 |
_c2636 _d2636 |
||
| 005 | 20200922112703.0 | ||
| 008 | 200922b ||||| |||| 00| 0 eng d | ||
| 020 | _a0030741939 | ||
| 040 | _cCML | ||
| 245 |
_aOxford Regional Economic Atlas the Middle East and North Africa. _cEconomist, I. |
||
| 260 |
_aLondon _bOxford University _c1960 |
||
| 942 |
_2ddc _cBK _e1st Edition _h912 _mECO |
||